Дело по отношению канцелярии Министерства внутренних дел об образцовых постромках, здесь же о заведении на станциях постромок дл...

Доступно только в Электронных читальных залах Найти на картеНа карте
RUSMARC
00003751nmc2a22000003x 450
00158a201c8-1191-44df-86cf-5c435ab8070d
00520180402185750.0
100##$a20160202l18411842k l0rusy0189 ca
1010#$arus
102##$aRU
2001#$aДело по отношению канцелярии Министерства внутренних дел об образцовых постромках, здесь же о заведении на станциях постромок для проезжающих в дышловых экипажах
$j3 февраля 1841 г. - 17 декабря 1842 г.
251##$cДело
300##$aДело
801#0$aRU
$bРГИА
$c20160202
$gRCR
801#1$aRU
$bГлавНИВЦ
$c20160202
$2rusmarc
801#2$aRU
$bПБ им. Б.Н. Ельцина
$c20180402
$gRCR
$2rusmarc
850##$aРГИА
852##$aРГИА
$eФедеральное казенное учреждение "Российский государственный исторический архив" (РГИА)
$j530
937##$hРГИА
$d12191448
$aASBIBLIO_SCAN
462#0$1001d84ca311-0ff2-4bc1-993d-58ba7069b925
$12001
$a1841-1843 гг. Дела Департамента полиции исполнительной МВД за 1841 г.
$1251
$cОпись
$1852
$j8
461#0$10013e300ed0-cd39-49af-8489-5ba5b90fa401
$12001
$aДепартамент полиции исполнительной МВД
$1251
$cФонд
$1852
$j1286
215##$a125 л.
$d36,5х26 см
371##$aДокумент не является опубликованным и широко распространяемым
105##$ay###
1222#$ad
035##$a58a201c8-1191-44df-86cf-5c435ab8070d
856##$uhttp://readingroom.main.prlib.ru/item.aspx?id_node=n114369544&mode=full
Формат отображения